Islande vrai ou faux? - Statistiques

Statistiques générales
  • Ce quiz a été pris 374 fois
  • Le résultat moyen est 12 sur 15
Statistiques - réponses
Question Réponse % Correct
Il est possible de voir des aurores boréales en Islande. Vrai
95%
L'Islande a des volcans actifs sur son territoire. Vrai
94%
L'Islande est une communauté autonome possédée par le Danemark. Faux
90%
L'Islande n'a pas de glaciers sur son territoire. Faux
89%
L'Islande est considérée comme étant un pays nordique. Vrai
89%
Une très grande partie de l'Islande est couverte par des forêts. Faux
87%
L'Islande n'a AUCUNE espèce de serpent vivant à l'état naturel sur son territoire. Vrai
87%
ABBA est originaire d'Islande. Faux
85%
Près de 100% de l'électricité produite en Islande est issue de sources énegrétiques renouvelables. Vrai
84%
L'Islande utilise l'euro. Faux
77%
L'Islande était initialement habitée par les Inuits. Faux
74%
Le sport national en Islande est le hockey. Faux
73%
L'Islande a le Parlement encore en activité le plus vieux du monde. Vrai
68%
L'Islande autorise la chasse à la baleine. Vrai
63%
L'Islande enregistre les températures moyennes les plus faibles d'Europe. Faux
39%
Aucun quiz correspondant
Distribution des résultats
% des personnes avec chaque résultat
Percentile par nombre de réponses
Votre historique - résultats
Vous n’avez pas pris ce quiz